Large ski jumps - Statistics

General Stats
  • This quiz has been taken 29 times
  • The average score is 29 of 44
Answer Stats
Country Name (Town) Size % Correct
Austria Bergisel-Schanze (Innsbruck) HS128
96%
Finland Salpausselän Hyppyrimäet (Lahti) HS130
96%
Slovenia Bloudkova velikanka (Planica) HS138
92%
Norway Lysgårdsbakken (Lillehammer) HS140
92%
Germany Mühlenkopfschanze (Willingen) HS147
92%
Germany Schattenbergschanze (Oberstdorf) HS137
92%
Germany Große Olympiaschanze (Garmisch-Partenkirchen) HS142
88%
Norway Holmenkollbakken (Oslo) HS134
88%
Japan Ōkurayama (Sapporo) HS137
88%
Austria Paul-Außerleitner-Schanze (Bischofshofen) HS142
88%
Finland Rukatunturi (Ruka) HS142
88%
Poland Wielka Krokiew (Zakopane) HS140
88%
Norway Granåsen (Trondheim) HS140
85%
Switzerland Gross-Titlis-Schanze (Engelberg) HS140
85%
USA MacKenzie Intervale Ski Jump (Lake Placid) HS128
85%
Poland Skocznia im. Adama Małysza (Wisła) HS134
85%
France Tremplin au Praz (Courchevel) HS132
85%
Italy Trampolino Giuseppe dal Ben (Predazzo) HS141
81%
Norway Vikersundbakken (Vikersund) HS117
81%
Germany Hochfirstschanze (Titisee-Neustadt) HS142
77%
Sweden Lugnet (Falun) HS132
77%
Kazakhstan Sunkar (Almaty) HS140
77%
Russia Olympic Hill (Esto-Sadok) HS140
73%
Finland Puijon Hyppyrimäki (Kuopio) HS127
73%
Germany Vogtland Arena (Klingenthal) HS140
73%
Canada Whistler Olympic Park Ski Jumps (Whistler) HS142
73%
Japan Large Hill (Hakuba) HS134
65%
USA Pine Mountain Jump (Iron Mountain) HS133
65%
Russia Tramplin Stork (Nizhny Tagil) HS134
65%
Türkiye TürkTelekom Ski Jumping Towers (Erzurum) HS140
58%
South Korea Alpensia Ski Jumping Centre (Pyeongchang) HS142
54%
China Snow Ruyi (Zhangjiakou) HS140
54%
USA Utah Olympic Park Jumps (Park City) HS134
54%
Germany Hans-Renner-Schanze (Oberhof) HS140
50%
Austria Brunnentalschanzen (Stams) HS115
42%
France La Côté Feuillée (Chaux Neuve) HS118
42%
Switzerland Andreas Küttel-Schanze (Einsiedeln) HS117
38%
Norway Renabakkene (Rena) HS139
31%
Kazakhstan Lyzhnyy Tramplin Burabay (Shchuchinsk) HS140
27%
China Qishan Ski Jumping Hills (Laiyuan) HS140
23%
Norway Fageråsbakken (Mo i Rana) HS110
19%
Russia Snezhinka (Chaykovsky) HS140
19%
USA Snowflake Ski Jump (Westby) HS123
19%
Norway Bavallsbakken (Voss) HS118
15%
No matching quizzes found
Score Distribution
Percent of People with Each Score
Percentile by Number Answered
Your Score History
You have not taken this quiz